000 00398nam a2200181Ia 4500
001 21142
005 20260306172857.0
008 260306t2000||||xx |||||||||||||| ||spa||
041 _aESP
082 _a344C4
_bCH515 T. 1
100 _aChalco Reyes, Marcial
_eAUT
245 0 _aCodigo penal
260 _c2000
300 _a
_c
650 _aGEN
654 _aCDE
942 _cLIB
_dJUS
_fJUS
_2ddc
_n
999 _c21142
_d21142